| 000 | 00735cam a22002653a 4500 | ||
|---|---|---|---|
| 001 | 7031 | ||
| 003 | PGUSA | ||
| 005 | 20140828083139.0 | ||
| 008 | 041201s2004||||xxu|||||s|||||000 1 eng d | ||
| 040 |
_aPGUSA _beng |
||
| 042 | _adc | ||
| 050 | 4 | _aPR | |
| 100 | 1 |
_aHull, E. M. _q(Edith Maude), _d-1947 |
|
| 245 | 1 | 4 |
_aThe Sheik : _bA Novel _h[electronic resource] / _cE. M. Hull |
| 260 |
_bProject Gutenberg, _c2004 |
||
| 506 | _aPublic domain in the USA. | ||
| 516 | _aElectronic text | ||
| 653 | _aBritish -- Egypt -- Fiction | ||
| 653 | _aEgypt -- Fiction | ||
| 653 | _aLove stories | ||
| 653 | _aKidnapping -- Fiction | ||
| 830 | 0 |
_aProject Gutenberg _v7031 |
|
| 856 | 4 | 0 | _uhttp://www.gutenberg.org/ebooks/7031 |
| 942 | _cEB | ||
| 999 |
_c236351 _d236351 |
||